| 000 | 00730nam a2200217 a 4500 | ||
|---|---|---|---|
| 001 | 000021889 | ||
| 005 | 20240412074250.0 | ||
| 008 | 100914s2007 dr r 000 p spa d | ||
| 020 | _a9945068024 | ||
| 040 |
_aDO-SdBNP _bspa _cBNPHU |
||
| 082 |
_aRD861.5 _bA526ll, 1984 |
||
| 100 | 1 |
_aAmparo Rijo, Luis Miguel, _d1984- _926998 |
|
| 245 | 1 | 1 |
_aEl llanto del Sida y otros poemas / _cLuis Miguel Amparo Rijo ; edición Isabel Pérez. |
| 250 | _a2a ed. | ||
| 260 |
_aSanto Domingo : _bBúho, _c2007. |
||
| 300 |
_a52 p. ; _c23 cm. |
||
| 500 | _aIncluye datos biográficos del autor en la solapa de la cubierta. | ||
| 650 | 0 |
_aPoesía dominicana _966 |
|
| 650 | 0 |
_aLiteratura dominicana. _967 |
|
| 700 | 1 |
_aPérez, Isabel, _eed. _945439 |
|
| 999 |
_c21387 _d21387 |
||